| 000 | 00579nam a2200205Ia 4500 | ||
|---|---|---|---|
| 008 | 220216s9999 xx 000 0 und d | ||
| 100 | _aDas K | ||
| 245 | 0 | _aEnhancement of bud sprouting and growth of grafted rubber (Hevea brasiliensis) plants utilising a polyhouse during winter in Tripura | |
| 260 |
_bNatural Rubber Research _c2009 |
||
| 300 | _a163-167 | ||
| 650 | _aBudded stumps | ||
| 650 | _aCold | ||
| 650 | _aPolyhouse | ||
| 650 | _aRelative humidity | ||
| 650 | _aSprouting | ||
| 650 | _aTemperature | ||
| 700 | _aDey S K | ||
| 700 | _aRay D | ||
| 942 | _cBS | ||
| 999 |
_c49042 _d49042 |
||